| 000 | 00955nam a2200229 a 4500 | ||
|---|---|---|---|
| 003 | 0 | ||
| 005 | 20250623110533.0 | ||
| 008 | 021022s19uu xx 00 eng d | ||
| 050 |
_aPGS HQ 796 _b.T161 1996 |
||
| 100 | _aTan, Jaymie Trisha L. | ||
| 245 |
_aA comparative study of the problems of male and female pubescents in Southville International School / _cTan, Jaymie Trisha L. |
||
| 260 |
_aLas PiƱas City, Philippines : _bSouthville International School and Colleges, _c1996. |
||
| 300 |
_a56 pages : _bcolored illustrations ; _c28 cm. |
||
| 504 | _aIncludes bibliographical references. | ||
| 650 | _aAdolescence. | ||
| 650 |
_aTeenagers _vSocial conditions. |
||
| 650 | _aSex differences in adolescence. | ||
| 650 |
_aStudents _vPsychology. |
||
| 650 |
_aPuberty _vPsychological aspects. |
||
| 856 | _uhttp://library.southville.edu.ph:8080/jspui/bitstream/123456789/45/1/Mini%20Thesis%20Jaymie%20Trisha%20L.%20Tan.pdf | ||
| 942 |
_2lcc _cPASS |
||
| 999 |
_c96099 _d96099 |
||